| 000 | 00713nab a2200241 a 4500 | ||
|---|---|---|---|
| 001 | 59280 | ||
| 003 | 131118 | ||
| 005 | 20201118105618.0 | ||
| 008 | ||||||n9999 ||| || || | ||
| 041 | _aspa | ||
| 100 | _aArzuaga Magnoni, Javier | ||
| 245 | 0 |
_aEstado, capital y gestion de la fuerza de trabajo : _blos modelos emanados de la crisis del Taylorimo-Fordimos en America Latina |
|
| 260 |
_aMéxico : _bUNAME, _c1998. |
||
| 300 | _app.33-50 | ||
| 562 | _e0 | ||
| 650 | _aADMINISTRACION DEL TRABAJO | ||
| 650 | _aAMÉRICA LATINA | ||
| 650 | _aANÁLISIS DE IMPACTO | ||
| 650 | _aIMPACTO SOCIAL | ||
| 650 | _aRELACIONES LABORALES | ||
| 773 |
_058264 _aConvergencia - Vol.5 No.16 |
||
| 942 | _cSART | ||
| 999 |
_c59280 _d59280 |
||